Načítá se...

Mudrarakshasa /

Podrobná bibliografie
Hlavní autoři: Vishakadatta, Kale M R
Médium: Printed Book
Vydáno: New Delhi: Motilal Banarsidass, 1991.
Témata:
LEADER 01764nam a22002651a 4500
020 |a 9788120809475 
082 |a S2  |b VIS/M 
100 |a Vishakadatta  |9 158751 
100 |a Kale M R  |9 158752 
245 |a Mudrarakshasa /  |c by Vishakadatta and Kale M R 
260 |a New Delhi:  |b Motilal Banarsidass,  |c 1991. 
300 |a 355p. 
650 |a Drama Sanskrit  |9 158753 
650 |a Literature Sanskrit  |9 158754 
650 |a Literature  |9 158755 
942 |c BK 
999 |c 29571  |d 29571 
952 |0 0  |1 0  |4 0  |6 S_2_000000000000000_VIS_M  |7 0  |9 42531  |a SSUS  |b SSUS  |d 2015-01-08  |g 195.00  |l 12  |m 3  |o S2 VIS/M  |p 047276  |r 2020-03-17  |s 2020-02-05  |v 0.00  |w 2015-01-08  |y BK 
952 |0 0  |1 0  |4 0  |6 S_2_000000000000000_VIS_M  |7 0  |9 42532  |a SSUS  |b SSUS  |c STACKS  |d 2015-01-08  |g 195.00  |l 8  |o S2 VIS/M  |p 036365  |r 2020-03-02  |s 2020-02-24  |v 0.00  |w 2015-01-08  |y BK 
952 |0 0  |1 0  |4 0  |6 S_2_000000000000000_VIS_M  |7 0  |9 42533  |a SSUS  |b SSUS  |d 2015-01-08  |g 195.00  |l 9  |m 1  |o S2 VIS/M  |p 047273  |r 2018-09-06  |s 2018-08-02  |v 0.00  |w 2015-01-08  |y BK 
952 |0 0  |1 0  |4 0  |6 S_2_000000000000000_VIS_M  |7 0  |9 42534  |a SSUS  |b SSUS  |d 2015-01-08  |g 195.00  |l 6  |m 2  |o S2 VIS/M  |p 047274  |r 2018-04-10  |s 2018-04-10  |v 0.00  |w 2015-01-08  |y BK 
952 |0 0  |1 0  |4 0  |6 S_2_000000000000000_VIS_M  |7 0  |9 42535  |a SSUS  |b SSUS  |d 2015-01-08  |g 195.00  |l 10  |o S2 VIS/M  |p 047275  |r 2018-07-20  |s 2018-04-12  |v 0.00  |w 2015-01-08  |y BK 
952 |0 0  |1 0  |4 0  |6 S_2_000000000000000_VIS_M  |7 0  |9 42536  |a SSUS  |b SSUS  |d 2015-01-08  |g 100.00  |l 4  |o S2 VIS/M  |p 009228  |r 2016-03-09  |s 2016-02-05  |v 0.00  |w 2015-01-08  |y BK 
952 |0 0  |1 0  |4 0  |6 S_2_000000000000000_VIS_M  |7 0  |9 42537  |a SSUS  |b SSUS  |d 2015-01-08  |g 150.00  |l 1  |o S2 VIS/M  |p 014455  |r 2016-03-03  |s 2015-03-02  |v 0.00  |w 2015-01-08  |y BK 
952 |0 0  |1 0  |2 ddc  |4 0  |6 S_2_000000000000000_VIS_M  |7 0  |9 42538  |a SSUS  |b SSUS  |c STACKS  |d 2017-06-27  |g 150.00  |l 1  |o S2 VIS/M  |p 084831  |r 2018-10-08  |s 2018-10-01  |w 2017-06-27  |y BK